000 00340nam a2200145 4500
999 _c9402
_d9402
003 OSt
005 20210409162047.0
008 210409b ||||| |||| 00| 0 eng d
020 _a9781780673677
082 _a684.1
_bSTU
100 _aStuart Christopher
245 _aDiy furniture 2
260 _aUK
_bLaurence king publishing
942 _2ddc